000 01517nam a2200481 i 4500
001 38585
003 KOSZ 005
005 20210105090443.0
008 050513s2000 pl a f |000 0 pol
015 _aUWD 2005/11361
020 _a8387344605
035 _a991027001759705066
035 _a(PL-WaBN)b17328937-48omnis_nlop
035 _ab17328937
035 _a(OCoLC)749403337
035 _a(PL)b0000001732893
035 _a(EXLNZ-48OMNIS_NETWORK)9910433677505606
040 _aWA N
_cWA N
_dKOSZ 005/HR
041 0 _apol
046 _k2000
080 _a003.295
080 _a(07)
245 0 0 _aKody kreskowe :
_brodzaje, standardy, sprzęt, zastosowania.
250 _aWyd. 2 zm. i uaktual.
260 _aPoznań :
_bInstytut Logistyki i Magazynowania,
_c2000.
300 _a256 s. :
_bfot., rys. ;
_c24 cm.
336 _aTekst
_btxt
_2rdacontent
337 _aBez urządzenia pośredniczącego
_bn
_2rdamedia
338 _aWolumin
_bnc
_2rdacarrier
380 _aKsiążki
380 _aPublikacje fachowe
388 _a1901-2000
388 _a1989-2000
490 1 _aBiblioteka Logistyka
504 _aBibliogr. s. 128-129, 251-256.
650 7 _aKody kreskowe
_2DBN
655 7 _aPodręcznik
_2DBN
710 2 _aInstytut Logistyki i Magazynowania
_4pbl
830 0 _aBiblioteka Logistyka
856 _uhttp://koha.tu.koszalin.pl/cgi-bin/koha/opac-detail.pl?biblionumber=38585
_yKatalog online BPK
942 _2UKD
_cKS
999 _c38585
_d38585